[Event "DEN-ch"]
[Site "Silkeborg"]
[Date "2009.04.12"]
[Round "9"]
[White "Rasmussen, Karsten"]
[Black "Ochsner, Bjorn Moller"]
[Result "1-0"]
[WhiteElo "2447"]
[BlackElo "2041"]
[PlyCount "77"]
[EventDate "2009.04.04"]
[EventType "swiss"]
[EventRounds "9"]
[EventCountry "DEN"]
[Source "ChessBase"]
[SourceDate "2009.05.05"]

1. g3 Nf6 2. Bg2 g6 3. d4 Bg7 4. e4 d6 5. Ne2 O-O 6. O-O e5 7. Nbc3 Nbd7 8. h3
c6 9. a4 Qa5 10. Be3 Re8 11. g4 exd4 12. Bxd4 h5 13. f3 hxg4 14. hxg4 Qg5 15.
Qc1 Qxc1 16. Raxc1 Bf8 17. Rcd1 b6 18. Ng3 Bb7 19. g5 Nh7 20. f4 Rad8 21. Rd2
Nc5 22. Rfd1 Ne6 23. Be3 Be7 24. Nce2 Nc7 25. c4 d5 26. cxd5 cxd5 27. e5 Bb4
28. Nc3 Nf8 29. Nge4 Nd7 30. Nf6+ Nxf6 31. gxf6 Rd7 32. Bh3 Rdd8 33. Bd4 Bc8
34. Bxc8 Rxc8 35. f5 Rcd8 36. e6 g5 37. e7 Rd6 38. Rg2 Kh7 39. Rd3 1-0

[Event "DEN-ch"]
[Site "Silkeborg"]
[Date "2009.04.11"]
[Round "8"]
[White "Rendboe, John Filip"]
[Black "Christensen, Stefan"]
[Result "1/2-1/2"]
[WhiteElo "2199"]
[BlackElo "2313"]
[PlyCount "61"]
[EventDate "2009.04.04"]
[EventType "swiss"]
[EventRounds "9"]
[EventCountry "DEN"]
[Source "ChessBase"]
[SourceDate "2009.05.05"]

1. d4 Nf6 2. c4 g6 3. Nc3 d5 4. cxd5 Nxd5 5. e4 Nxc3 6. bxc3 Bg7 7. Bc4 c5 8.
Ne2 Nc6 9. Be3 O-O 10. O-O cxd4 11. cxd4 Na5 12. Bd3 b6 13. Rc1 e6 14. Qa4 Bd7
15. Bb5 Bxb5 16. Qxb5 Rc8 17. Rfd1 Qe8 18. Qb4 Qd7 19. Nf4 Rxc1 20. Rxc1 Rc8
21. Rxc8+ Qxc8 22. Qd2 Nc4 23. Qc1 Qa6 24. Qc2 e5 25. Ne2 Nxe3 26. fxe3 Bh6 27.
Kf2 Qa3 28. Nc3 exd4 29. exd4 Qc1 30. Qxc1 Bxc1 31. Nb5 1/2-1/2

[Event "DEN-ch"]
[Site "Silkeborg"]
[Date "2009.04.05"]
[Round "2"]
[White "Rendboe, John Filip"]
[Black "Andersen, Rune"]
[Result "1-0"]
[WhiteElo "2199"]
[BlackElo "2156"]
[PlyCount "77"]
[EventDate "2009.04.04"]
[EventType "swiss"]
[EventRounds "9"]
[EventCountry "DEN"]
[Source "ChessBase"]
[SourceDate "2009.05.05"]

1. c4 e5 2. Nc3 Bb4 3. g3 Bxc3 4. bxc3 Qe7 5. Bg2 f5 6. Nf3 Nf6 7. O-O O-O 8.
d3 d6 9. Rb1 c5 10. Ne1 Nc6 11. Nc2 Be6 12. Ne3 Qf7 13. Qb3 Na5 14. Qa4 b6 15.
Bxa8 Rxa8 16. Qd1 f4 17. Ng2 Bh3 18. e3 Qb7 19. f3 fxe3 20. Bxe3 Ng4 21. Qe2
Nxe3 22. Qxe3 Rf8 23. Rf2 Bf5 24. Nh4 Nxc4 25. Qe2 Na5 26. Nxf5 Rxf5 27. f4
exf4 28. Rxf4 Rxf4 29. gxf4 Qf7 30. Re1 Kf8 31. Qg4 Qg6 32. Qxg6 hxg6 33. Re6
Nb7 34. Rxg6 Kf7 35. Rg5 b5 36. Kf2 a5 37. Ke3 b4 38. cxb4 axb4 39. Ke4 1-0

[Event "DEN-ch"]
[Site "Silkeborg"]
[Date "2009.04.10"]
[Round "7"]
[White "Rendboe, John Filip"]
[Black "Jakobsen, Ole"]
[Result "1/2-1/2"]
[WhiteElo "2199"]
[BlackElo "2352"]
[PlyCount "120"]
[EventDate "2009.04.04"]
[EventType "swiss"]
[EventRounds "9"]
[EventCountry "DEN"]
[Source "ChessBase"]
[SourceDate "2009.05.05"]

1. d4 g6 2. c4 Bg7 3. Nc3 c5 4. d5 f5 5. g3 Bxc3+ 6. bxc3 Qa5 7. Qb3 Nf6 8. Bg2
O-O 9. Nf3 d6 10. O-O Nbd7 11. Bg5 Nb6 12. Nd2 Bd7 13. Rfe1 Ba4 14. Qb2 Qa6 15.
e4 fxe4 16. Nxe4 Nxc4 17. Qe2 Bd7 18. a4 Ne5 19. Qxa6 bxa6 20. Bxf6 exf6 21.
Nxd6 g5 22. Ne4 Nd3 23. Re3 c4 24. Nd6 Ne5 25. f4 gxf4 26. gxf4 Ng6 27. Re4
Rad8 28. Rxc4 Bxa4 29. Rcxa4 Rxd6 30. f5 Ne5 31. Rxa6 Rxa6 32. Rxa6 Rc8 33. Ra3
a5 34. d6 Rd8 35. Rxa5 Rxd6 36. Bd5+ Kg7 37. c4 Rb6 38. Rb5 Ra6 39. c5 Ra1+ 40.
Kf2 Rc1 41. Ke3 Kh6 42. Kd2 Rf1 43. c6 Nxc6 44. Bxc6 Rf2+ 45. Ke3 Rxh2 46. Rb7
Rh3+ 47. Kd4 Kg5 48. Rg7+ Kf4 49. Kd5 Re3 50. Bd7 h5 51. Rg6 Rd3+ 52. Ke6 Rxd7
53. Kxd7 Kxf5 54. Rg1 h4 55. Ke7 Kf4 56. Kxf6 h3 57. Rf1+ Kg3 58. Kg5 h2 59.
Ra1 Kg2 60. Kg4 h1=Q 1/2-1/2

[Event "DEN-ch"]
[Site "Silkeborg"]
[Date "2009.04.08"]
[Round "5"]
[White "Rendboe, John Filip"]
[Black "Aabling Thomsen, Jakob"]
[Result "1-0"]
[WhiteElo "2199"]
[BlackElo "2309"]
[PlyCount "111"]
[EventDate "2009.04.04"]
[EventType "swiss"]
[EventRounds "9"]
[EventCountry "DEN"]
[Source "ChessBase"]
[SourceDate "2009.05.05"]

1. d4 Nf6 2. c4 e6 3. Nc3 Bb4 4. e3 O-O 5. Bd3 b6 6. Nge2 Bb7 7. O-O d5 8. Ng3
Nbd7 9. Bd2 Bd6 10. cxd5 Bxg3 11. hxg3 exd5 12. f3 Re8 13. Qe1 c5 14. Qf2 a6
15. g4 Nf8 16. Ne2 Ne6 17. Ng3 g6 18. Ne2 Qe7 19. Rfe1 Rad8 20. Bc3 Ng5 21. Nf4
Rd6 22. Rac1 Ne6 23. Nxe6 Rxe6 24. Bd2 Nd7 25. Qg3 Nb8 26. Bc2 Nc6 27. dxc5
bxc5 28. Ba4 Rd8 29. Bxc6 Bxc6 30. Qf4 Bb5 31. Bc3 Re8 32. Bd2 Qa7 33. g5 Bd3
34. Bc3 Bb5 35. Kf2 Qb6 36. Bf6 h5 37. g4 Bd3 38. Rcd1 Qb5 39. b3 d4 40. exd4
Re2+ 41. Rxe2 Rxe2+ 42. Kg3 Bc2 43. Rd2 Rxd2 44. Qxd2 Bb1 45. Qe1 Bxa2 46. Qe7
Qb8+ 47. Be5 Qf8 48. Qf6 h4+ 49. Kxh4 Kh7 50. dxc5 Bxb3 51. c6 Be6 52. c7 a5
53. f4 a4 54. f5 Bxf5 55. Qd8 Qb4 56. Qh8# 1-0

[Event "DEN-ch"]
[Site "Silkeborg"]
[Date "2009.04.05"]
[Round "2"]
[White "Rewitz, Poul"]
[Black "Nielsen, Nicholas Roland"]
[Result "1-0"]
[WhiteElo "2263"]
[BlackElo "2197"]
[PlyCount "63"]
[EventDate "2009.04.04"]
[EventType "swiss"]
[EventRounds "9"]
[EventCountry "DEN"]
[Source "ChessBase"]
[SourceDate "2009.05.05"]

1. d4 g6 2. c4 Bg7 3. Nc3 d6 4. e4 e5 5. d5 Nf6 6. f3 Nh5 7. Be3 f5 8. exf5
gxf5 9. Bd3 O-O 10. Qc2 Na6 11. a3 Qe8 12. O-O-O Nf6 13. h3 c6 14. g4 cxd5 15.
cxd5 e4 16. fxe4 Nxe4 17. Bxe4 fxe4 18. Nge2 Bd7 19. Kb1 Bb5 20. Nxb5 Qxb5 21.
Nd4 Qa5 22. Ne6 Rfc8 23. Qb3 Be5 24. Rhf1 Nc7 25. Rf5 Nb5 26. Rdf1 h6 27. Bxh6
Bxb2 28. Kxb2 Rc3 29. Qb4 Qb6 30. Rg5+ Kh7 31. Qxe4+ Kxh6 32. Rh5# 1-0

[Event "DEN-ch"]
[Site "Silkeborg"]
[Date "2009.04.10"]
[Round "7"]
[White "Rewitz, Poul"]
[Black "Molvig, Henrik"]
[Result "1-0"]
[WhiteElo "2263"]
[BlackElo "2213"]
[PlyCount "65"]
[EventDate "2009.04.04"]
[EventType "swiss"]
[EventRounds "9"]
[EventCountry "DEN"]
[Source "ChessBase"]
[SourceDate "2009.05.05"]

1. d4 d5 2. c4 c6 3. Nc3 Nf6 4. Nf3 dxc4 5. Bg5 b5 6. Bxf6 gxf6 7. g3 Bb7 8.
Bg2 e6 9. O-O Nd7 10. a4 a6 11. e4 Qb6 12. Qc2 Be7 13. Rfe1 O-O 14. Rad1 Rfe8
15. d5 Nc5 16. d6 Bf8 17. e5 f5 18. g4 Nd3 19. gxf5 exf5 20. Rxd3 cxd3 21. Qxd3
Rad8 22. Qxf5 Bc8 23. Qg5+ Bg7 24. Ne4 Re6 25. a5 Qxa5 26. b4 Qb6 27. Nc5 Rg6
28. Qe7 Bf8 29. Qh4 Be6 30. Ng5 Rh6 31. Qf4 Bg7 32. Ncxe6 Rxe6 33. Qxf7+ 1-0

[Event "DEN-ch"]
[Site "Silkeborg"]
[Date "2009.04.06"]
[Round "3"]
[White "Rewitz, Poul"]
[Black "Jakobsen, Ole"]
[Result "1/2-1/2"]
[WhiteElo "2263"]
[BlackElo "2352"]
[PlyCount "56"]
[EventDate "2009.04.04"]
[EventType "swiss"]
[EventRounds "9"]
[EventCountry "DEN"]
[Source "ChessBase"]
[SourceDate "2009.05.05"]

1. d4 Nf6 2. c4 e6 3. Nc3 Bb4 4. Qc2 O-O 5. Bg5 h6 6. Bh4 c5 7. dxc5 Qa5 8.
Bxf6 gxf6 9. h4 Bxc3+ 10. bxc3 Qxc5 11. Rb1 a6 12. Rh3 Nc6 13. Nf3 Qxc4 14.
Rg3+ Kh8 15. e4 Qc5 16. Qd2 Kh7 17. Nh2 h5 18. Rb3 b5 19. Bd3 Ne5 20. Bc2 Bb7
21. Qe2 Ng6 22. c4 Nf4 23. Qd2 e5 24. Rbf3 Rae8 25. Qd1 Kh6 26. Qd2 Kh7 27. Qd1
Kh6 28. Qd2 Kh7 1/2-1/2

[Event "DEN-ch"]
[Site "Silkeborg"]
[Date "2009.04.08"]
[Round "5"]
[White "Rewitz, Poul"]
[Black "Pedersen, Martin Rosenkilde"]
[Result "1-0"]
[WhiteElo "2263"]
[BlackElo "2204"]
[PlyCount "107"]
[EventDate "2009.04.04"]
[EventType "swiss"]
[EventRounds "9"]
[EventCountry "DEN"]
[Source "ChessBase"]
[SourceDate "2009.05.05"]

1. d4 f5 2. g4 d5 3. g5 e6 4. h4 c5 5. c3 Nc6 6. Nf3 cxd4 7. cxd4 Bd6 8. Nc3
Nge7 9. Bg2 Bd7 10. a3 a6 11. h5 Qc7 12. Bd2 Qb6 13. Na4 Qa7 14. Bc3 b6 15. b4
O-O 16. Nb2 Rac8 17. Rc1 a5 18. Nd3 axb4 19. axb4 Qa6 20. h6 g6 21. Qd2 Qb5 22.
O-O Rc7 23. Ra1 Rfc8 24. Rfc1 Nd8 25. Nfe5 Nf7 26. f4 Kf8 27. Bf1 Bxe5 28. dxe5
d4 29. Bxd4 Qd5 30. e3 Bc6 31. Bg2 Qb5 32. Bxc6 Nxc6 33. Kf2 Nxd4 34. exd4 Qd5
35. Rxc7 Rxc7 36. Ne1 Rc4 37. Nf3 Nd8 38. Rc1 Nc6 39. Rxc4 Qxc4 40. Qb2 Nxb4
41. Qa3 Ke8 42. Qa8+ Kd7 43. Qb7+ Qc7 44. Qxc7+ Kxc7 45. Nh4 Kd7 46. Nxg6 Ke8
47. Ne7 Kf7 48. d5 Nd3+ 49. Ke3 Nc5 50. dxe6+ Nxe6 51. Nxf5 Nc5 52. Nd4 Kg6 53.
e6 b5 54. f5+ 1-0

[Event "DEN-ch"]
[Site "Silkeborg"]
[Date "2009.04.12"]
[Round "9"]
[White "Rewitz, Poul"]
[Black "Kristensen, Kaare Hove"]
[Result "0-1"]
[WhiteElo "2263"]
[BlackElo "2244"]
[PlyCount "86"]
[EventDate "2009.04.04"]
[EventType "swiss"]
[EventRounds "9"]
[EventCountry "DEN"]
[Source "ChessBase"]
[SourceDate "2009.05.05"]

1. d4 d5 2. c4 c6 3. Nc3 Nf6 4. Nf3 e6 5. Bg5 dxc4 6. e4 b5 7. e5 h6 8. Bh4 g5
9. Nxg5 hxg5 10. Bxg5 Nbd7 11. exf6 Bb7 12. g3 c5 13. d5 Qb6 14. Bg2 O-O-O 15.
O-O b4 16. Na4 Qa6 17. a3 Bxd5 18. Bxd5 Ne5 19. axb4 Rxd5 20. Qe2 cxb4 21. Nc3
Ra5 22. Rxa5 Qxa5 23. Ne4 Nd3 24. Rd1 Qe5 25. Rxd3 cxd3 26. Qxd3 Qd5 27. Qc2+
Kb7 28. h4 Bh6 29. Nc5+ Kb6 30. Na4+ Kb5 31. Bxh6 Rxh6 32. b3 Rxf6 33. Qe2+ Ka5
34. Nb2 Kb6 35. Nc4+ Kb7 36. Qe1 a5 37. Qe3 e5 38. h5 e4 39. h6 Qd1+ 40. Kh2
Qh5+ 41. Kg1 Qd1+ 42. Kh2 Qf3 43. Nxa5+ Ka6 0-1

[Event "DEN-ch"]
[Site "Silkeborg"]
[Date "2009.04.08"]
[Round "5"]
[White "Schandorff, Lars"]
[Black "Rasmussen, Allan Stig"]
[Result "1/2-1/2"]
[WhiteElo "2505"]
[BlackElo "2501"]
[PlyCount "64"]
[EventDate "2009.04.04"]
[EventType "swiss"]
[EventRounds "9"]
[EventCountry "DEN"]
[Source "ChessBase"]
[SourceDate "2009.05.05"]

1. d4 d5 2. c4 c6 3. Nf3 Nf6 4. e3 e6 5. b3 Nbd7 6. Bd3 b6 7. O-O Bb7 8. Bb2
Bd6 9. Nbd2 O-O 10. Ne5 Qe7 11. Qc2 h6 12. e4 Rac8 13. Rfe1 Ba3 14. Rad1 Rfd8
15. Nxd7 Nxd7 16. Nf3 dxe4 17. Bxe4 Bxb2 18. Qxb2 Nf6 19. Ne5 Nxe4 20. Rxe4 c5
21. Rg4 h5 22. Rg3 Rxd4 23. Rxd4 cxd4 24. Qxd4 Rd8 25. Qa1 f6 26. Nd3 Be4 27.
Qc3 e5 28. Re3 Qd7 29. Rxe4 Qxd3 30. Qxd3 Rxd3 31. Kf1 Rd2 32. Re2 Rd1+ 1/2-1/2

[Event "DEN-ch"]
[Site "Silkeborg"]
[Date "2009.04.05"]
[Round "2"]
[White "Schandorff, Lars"]
[Black "Aabling Thomsen, Jakob"]
[Result "1-0"]
[WhiteElo "2505"]
[BlackElo "2309"]
[PlyCount "83"]
[EventDate "2009.04.04"]
[EventType "swiss"]
[EventRounds "9"]
[EventCountry "DEN"]
[Source "ChessBase"]
[SourceDate "2009.05.05"]

1. d4 Nf6 2. c4 e6 3. Nf3 Bb4+ 4. Bd2 Qe7 5. g3 O-O 6. Bg2 Bxd2+ 7. Qxd2 d6 8.
Nc3 e5 9. O-O Nbd7 10. b3 Re8 11. e4 a6 12. Rfe1 Rb8 13. h3 Nf8 14. b4 exd4 15.
Nxd4 Be6 16. Nd5 Qd8 17. Rac1 c5 18. Nb3 Bxd5 19. cxd5 b6 20. bxc5 bxc5 21. Na5
Qc7 22. Nc6 Rb6 23. f4 N8d7 24. e5 dxe5 25. fxe5 Nxe5 26. d6 Qxc6 27. Bxc6 Rxc6
28. Rxe5 Rxe5 29. d7 Nxd7 30. Qxd7 Rce6 31. Qc8+ Re8 32. Qxa6 h5 33. Rf1 f6 34.
Qc4+ Kh8 35. Kg2 Rd8 36. Rf2 Rd4 37. Qc2 Rde4 38. Rd2 f5 39. Qd1 f4 40. gxf4
Rxf4 41. Rd5 Rd4 42. Qxd4 1-0

[Event "DEN-ch"]
[Site "Silkeborg"]
[Date "2009.04.12"]
[Round "9"]
[White "Schandorff, Lars"]
[Black "Lund, Silas"]
[Result "1-0"]
[WhiteElo "2505"]
[BlackElo "2430"]
[PlyCount "103"]
[EventDate "2009.04.04"]
[EventType "swiss"]
[EventRounds "9"]
[EventCountry "DEN"]
[Source "ChessBase"]
[SourceDate "2009.05.05"]

1. d4 d5 2. c4 c6 3. Nf3 Nf6 4. cxd5 cxd5 5. Nc3 Nc6 6. Bf4 Nh5 7. Bd2 g6 8.
Qb3 Nf6 9. Bf4 Na5 10. Qd1 Nh5 11. e3 a6 12. Bg5 f6 13. Bh4 Ng7 14. Bd3 Nf5 15.
Bg3 Bg7 16. Nh4 Nxg3 17. hxg3 f5 18. f4 e6 19. Qe2 b5 20. Nf3 Bd7 21. Ne5 Rc8
22. g4 Bxe5 23. fxe5 b4 24. Nd1 Nc4 25. Nf2 O-O 26. gxf5 exf5 27. Nh3 Qh4+ 28.
Qf2 Qxf2+ 29. Kxf2 f4 30. Nxf4 Nxb2 31. Bxa6 g5 32. Bxc8 Bxc8 33. Rhb1 Nc4 34.
Rxb4 gxf4 35. exf4 Rxf4+ 36. Kg1 Kg7 37. Rd1 Ne3 38. Rc1 Bf5 39. a4 Nc4 40. Rf1
Rxf1+ 41. Kxf1 Kg6 42. Rb7 Kg5 43. g3 Bc2 44. Ra7 Kf5 45. a5 Ke4 46. a6 Kxd4
47. Rb7 Na5 48. a7 Nxb7 49. a8=Q Nc5 50. Qa1+ Ke3 51. Qe1+ Kd4 52. Qf2+ 1-0

[Event "DEN-ch"]
[Site "Silkeborg"]
[Date "2009.04.07"]
[Round "4"]
[White "Schandorff, Lars"]
[Black "Rasmussen, Karsten"]
[Result "1-0"]
[WhiteElo "2505"]
[BlackElo "2447"]
[PlyCount "181"]
[EventDate "2009.04.04"]
[EventType "swiss"]
[EventRounds "9"]
[EventCountry "DEN"]
[Source "ChessBase"]
[SourceDate "2009.05.05"]

1. d4 d5 2. c4 e6 3. Nf3 Nf6 4. g3 dxc4 5. Qa4+ c6 6. Qxc4 b5 7. Qb3 a6 8. Bg2
c5 9. dxc5 Bb7 10. Be3 Nbd7 11. c6 Bxc6 12. O-O Be7 13. Rc1 Rc8 14. Nbd2 O-O
15. Qd3 Nd5 16. Nb3 Nxe3 17. Qxe3 Bf6 18. Rab1 Bd5 19. Qa7 Ra8 20. Qe3 Nb6 21.
Nfd2 Na4 22. Rc2 Bxg2 23. Kxg2 Rc8 24. Rbc1 Rxc2 25. Rxc2 Nxb2 26. Qf3 Na4 27.
Rc6 Qa8 28. Ne4 Be7 29. Rc7 Qd8 30. Ra7 f5 31. Ned2 Qd6 32. Qb7 Bf6 33. Rxa6
Qd5+ 34. Qxd5 exd5 35. Nf3 Rc8 36. Nfd4 Nc5 37. Nxc5 Bxd4 38. Nd3 Bc3 39. Nf4
d4 40. Ra7 b4 41. h4 Rc6 42. Kf3 g6 43. Nd3 Rb6 44. Nf4 Bd2 45. Nd3 Bh6 46.
Ra8+ Kf7 47. Ra7+ Kg8 48. Ne5 b3 49. axb3 Rxb3+ 50. Kg2 Rb2 51. Ra8+ Kg7 52.
Kf3 Rb3+ 53. Nd3 Kf7 54. Ra7+ Kg8 55. Rd7 Bg7 56. Kf4 Rb8 57. Kf3 Re8 58. Nf4
Re4 59. Ra7 Re8 60. Nd3 Re6 61. Rb7 Rd6 62. Kg2 Re6 63. Kf1 Rd6 64. Ke1 h6 65.
Kd2 Bf6 66. Ra7 g5 67. hxg5 Bxg5+ 68. Kd1 Rd5 69. Ke1 h5 70. Kf1 h4 71. gxh4
Bxh4 72. Kg2 Bg5 73. Kf3 Bd2 74. Rc7 Bg5 75. Kg3 Kf8 76. Rh7 Be7 77. Kf4 Ra5
78. Ne5 Bd6 79. Rf7+ Ke8 80. Rxf5 Ke7 81. Ke4 Ke6 82. Nf3 Ra4 83. Rh5 Be7 84.
Nxd4+ Kf7 85. Rh7+ Kf6 86. e3 Bb4 87. Rc7 Ra2 88. Rc2 Ra8 89. Rc6+ Kf7 90. f4
Ra3 91. Nc2 1-0

[Event "DEN-ch"]
[Site "Silkeborg"]
[Date "2009.04.11"]
[Round "8"]
[White "Schandorff, Lars"]
[Black "Andersen, Mads"]
[Result "1/2-1/2"]
[WhiteElo "2505"]
[BlackElo "2244"]
[PlyCount "185"]
[EventDate "2009.04.04"]
[EventType "swiss"]
[EventRounds "9"]
[EventCountry "DEN"]
[Source "ChessBase"]
[SourceDate "2009.05.05"]

1. Nf3 Nf6 2. c4 g6 3. Nc3 d5 4. cxd5 Nxd5 5. Qa4+ Bd7 6. Qc2 Nb6 7. d4 Bg7 8.
e4 O-O 9. Be3 f5 10. Rd1 f4 11. Bc1 e6 12. h4 Nc6 13. h5 g5 14. h6 Bf6 15. e5
Nb4 16. Qb3 Be7 17. Nxg5 Bxg5 18. Qxb4 Bc6 19. Qb3 Qe7 20. Rh5 Be8 21. Rh3 Bg6
22. Bd3 Kh8 23. Qc2 Rg8 24. Kf1 c6 25. a4 Rad8 26. a5 Nd5 27. Nxd5 Rxd5 28.
Bxg6 Rxg6 29. a6 Rxh6 30. Rxh6 Bxh6 31. Rd3 c5 32. dxc5 Rxd3 33. Qxd3 Qxc5 34.
Bxf4 Bxf4 35. Qd8+ Kg7 36. Qf6+ Kg8 37. Qxe6+ Kf8 38. Qf6+ Ke8 39. Qxf4 Qb5+
40. Kg1 Qxa6 41. Qd4 Qc6 42. Qd2 a5 43. g3 a4 44. Qg5 h6 45. Qg8+ Ke7 46. Qg7+
Ke8 47. Qg8+ Ke7 48. Qg7+ Ke8 49. e6 Qxe6 50. Qxb7 Qc4 51. Qg7 Qc6 52. Kh2 Qb6
53. Kg2 Qc6+ 54. f3 Qe6 55. Qd4 Qe2+ 56. Qf2 Qd3 57. g4 a3 58. bxa3 Qxa3 59.
Qd2 Qa6 60. Kg3 Qe6 61. f4 Qb3+ 62. Kh4 Qf3 63. Qh2 Qd5 64. Qf2 Qh1+ 65. Kg3
Qe4 66. f5 Qe7 67. Qd2 Kf7 68. Qd5+ Kg7 69. Qe6 Qg5 70. Qe5+ Kf7 71. Qc7+ Kf8
72. Qf4 Qf6 73. Qb8+ Kf7 74. Qc7+ Kg8 75. Kf3 Kf8 76. Ke4 h5 77. Qc8+ Kf7 78.
Qc7+ Kf8 79. gxh5 Qh4+ 80. Kd5 Qxh5 81. Qd6+ Kg7 82. Qe5+ Kf8 83. Qf6+ Kg8 84.
Kd6 Qf7 85. Qe6 Kf8 86. Qh6+ Kg8 87. Qg5+ Kh7 88. Qe7 Kg7 89. Kd7 Kg8 90. f6
Qd5+ 91. Kc7 Qc4+ 92. Kd6 Qd4+ 93. Kc6 1/2-1/2

[Event "DEN-ch"]
[Site "Silkeborg"]
[Date "2009.04.08"]
[Round "5"]
[White "Seegert, Kristian"]
[Black "Nielsen, Lasse Simoni"]
[Result "1/2-1/2"]
[WhiteElo "2098"]
[BlackElo "1973"]
[PlyCount "46"]
[EventDate "2009.04.04"]
[EventType "swiss"]
[EventRounds "9"]
[EventCountry "DEN"]
[Source "ChessBase"]
[SourceDate "2009.05.05"]

1. e4 c5 2. Nf3 e6 3. d4 cxd4 4. Nxd4 Nc6 5. Nc3 Qc7 6. Be3 a6 7. Bd3 Nf6 8.
O-O d6 9. Kh1 Be7 10. f4 Nxd4 11. Bxd4 e5 12. Be3 b5 13. Qf3 O-O 14. fxe5 dxe5
15. Bg5 Be6 16. Bxf6 Bxf6 17. Nd5 Bxd5 18. exd5 Be7 19. a4 b4 20. Rae1 Bd6 21.
Qe4 g6 22. g4 Kg7 23. c3 Qa5 1/2-1/2

[Event "DEN-ch"]
[Site "Silkeborg"]
[Date "2009.04.11"]
[Round "8"]
[White "Seegert, Kristian"]
[Black "Nielsen, Nicholas Roland"]
[Result "1-0"]
[WhiteElo "2098"]
[BlackElo "2197"]
[PlyCount "45"]
[EventDate "2009.04.04"]
[EventType "swiss"]
[EventRounds "9"]
[EventCountry "DEN"]
[Source "ChessBase"]
[SourceDate "2009.05.05"]

1. e4 d6 2. d4 Nf6 3. Nc3 g6 4. h3 Nbd7 5. g3 c5 6. Nge2 Bg7 7. Bg2 Rb8 8. a4
b6 9. O-O h5 10. f4 cxd4 11. Nxd4 Bb7 12. f5 gxf5 13. Nxf5 Rg8 14. Nxg7+ Rxg7
15. Kh2 Ne5 16. Qe2 Qc8 17. Nb5 h4 18. Rxf6 Rxg3 19. Rh6 Qc5 20. Bf4 Ng6 21.
Bxg3 hxg3+ 22. Kh1 e6 23. Rf1 1-0

[Event "DEN-ch"]
[Site "Silkeborg"]
[Date "2009.04.05"]
[Round "2"]
[White "Seegert, Kristian"]
[Black "Akdag, Dara"]
[Result "0-1"]
[WhiteElo "2098"]
[BlackElo "2199"]
[PlyCount "126"]
[EventDate "2009.04.04"]
[EventType "swiss"]
[EventRounds "9"]
[EventCountry "DEN"]
[Source "ChessBase"]
[SourceDate "2009.05.05"]

1. e4 c5 2. Nf3 d6 3. d4 cxd4 4. Nxd4 Nf6 5. Nc3 g6 6. Be3 Bg7 7. f3 O-O 8. Qd2
Nc6 9. Bc4 Bd7 10. O-O-O Rc8 11. Bb3 Ne5 12. Kb1 Nc4 13. Bxc4 Rxc4 14. h4 h5
15. g4 hxg4 16. h5 Nxh5 17. b3 Rc5 18. Nde2 Ra5 19. Nd5 gxf3 20. Rdg1 Nf6 21.
Qxa5 Nxd5 22. Qxd5 Bc6 23. Qd3 fxe2 24. Bh6 Bxh6 25. Rxh6 Kg7 26. Rh2 Qa5 27.
Qxe2 Qe5 28. Rh4 Rh8 29. Rxh8 Kxh8 30. Re1 Kg7 31. a4 e6 32. Qe3 a6 33. Kc1 Kf6
34. Rf1+ Ke7 35. Qf3 f5 36. Rh1 Bxe4 37. Rh7+ Kf6 38. Qh3 Qa1+ 39. Kd2 Qd4+ 40.
Kc1 Qf2 41. Rc7 Kg5 42. Kb2 e5 43. Rc3 f4 44. Qe6 Qd4 45. Qe7+ Kg4 46. Qd7+ Bf5
47. Qxb7 d5 48. Qxa6 f3 49. Qf1 e4 50. a5 Kf4 51. a6 e3 52. Qh1 g5 53. Qh2+ Kg4
54. Qg1+ Kf4 55. Qh2+ Ke4 56. Qc7 e2 57. Qe7+ Kf4 58. a7 Qxa7 59. Qxa7 e1=Q 60.
Qc7+ Kg4 61. Qh2 Be4 62. b4 d4 63. Rc4 f2 0-1

[Event "DEN-ch"]
[Site "Silkeborg"]
[Date "2009.04.09"]
[Round "6"]
[White "Seegert, Kristian"]
[Black "Boje, Tobias Rosholm"]
[Result "1/2-1/2"]
[WhiteElo "2098"]
[BlackElo "2018"]
[PlyCount "67"]
[EventDate "2009.04.04"]
[EventType "swiss"]
[EventRounds "9"]
[EventCountry "DEN"]
[Source "ChessBase"]
[SourceDate "2009.05.05"]

1. e4 e5 2. Nf3 Nc6 3. Bc4 Nf6 4. d4 exd4 5. O-O Nxe4 6. Re1 d5 7. Bxd5 Qxd5 8.
Nc3 Qa5 9. Nxe4 Be6 10. Neg5 O-O-O 11. Nxe6 fxe6 12. Rxe6 Bd6 13. Bg5 Rde8 14.
Qe1 Qxe1+ 15. Raxe1 Kd7 16. Rxe8 Rxe8 17. Rxe8 Kxe8 18. Bd2 h6 19. Kf1 Kf7 20.
Ke2 Ke6 21. Kd3 Kd5 22. Nxd4 Nxd4 23. c4+ Ke6 24. Kxd4 Be5+ 25. Ke4 Bxb2 26. g4
b6 27. h4 a6 28. a4 c6 29. h5 b5 30. axb5 axb5 31. cxb5 cxb5 32. Bb4 Be5 33. f4
Bb2 34. g5 1/2-1/2

[Event "DEN-ch"]
[Site "Silkeborg"]
[Date "2009.04.12"]
[Round "9"]
[White "Teplyi, Igor"]
[Black "Aabling Thomsen, Jakob"]
[Result "1-0"]
[WhiteElo "2287"]
[BlackElo "2309"]
[PlyCount "51"]
[EventDate "2009.04.04"]
[EventType "swiss"]
[EventRounds "9"]
[EventCountry "DEN"]
[Source "ChessBase"]
[SourceDate "2009.05.05"]

1. e4 c5 2. Nf3 e6 3. g3 d5 4. exd5 exd5 5. d4 Nc6 6. Bg2 Bg4 7. O-O Nxd4 8.
Qe1+ Qe7 9. Nxd4 cxd4 10. Bxd5 O-O-O 11. Qxe7 Bxe7 12. Bxf7 Nf6 13. Re1 Bc5 14.
Nd2 Rhf8 15. Bc4 d3 16. cxd3 Nd7 17. Ne4 Ne5 18. Bf4 Nf3+ 19. Kg2 g5 20. Rec1
gxf4 21. Nxc5 Ne5 22. Be6+ Kb8 23. Bxg4 fxg3 24. f3 Nxg4 25. fxg4 Rde8 26. Nd7+
1-0

[Event "DEN-ch"]
[Site "Silkeborg"]
[Date "2009.04.08"]
[Round "5"]
[White "Teplyi, Igor"]
[Black "Jakobsen, Ole"]
[Result "0-1"]
[WhiteElo "2287"]
[BlackElo "2352"]
[PlyCount "60"]
[EventDate "2009.04.04"]
[EventType "swiss"]
[EventRounds "9"]
[EventCountry "DEN"]
[Source "ChessBase"]
[SourceDate "2009.05.05"]

1. e4 c5 2. Nf3 Nc6 3. d4 cxd4 4. Nxd4 Qb6 5. Nb3 Nf6 6. Bd3 d6 7. Nc3 e6 8.
Be3 Qc7 9. O-O a6 10. a4 b6 11. f4 Bb7 12. Qe2 Be7 13. Rf3 Nd7 14. Rh3 Bf6 15.
Rf1 Nb4 16. Nd4 Nc5 17. Kh1 g6 18. f5 gxf5 19. exf5 e5 20. Nf3 O-O-O 21. a5 e4
22. Nxe4 Bxe4 23. Bxe4 Nxe4 24. Bxb6 Qc6 25. Bxd8 Rxd8 26. c3 Re8 27. Qd1 Nd5
28. Nd4 Qc4 29. b3 Ndxc3 30. bxc4 Nxd1 0-1

[Event "DEN-ch"]
[Site "Silkeborg"]
[Date "2009.04.04"]
[Round "1"]
[White "Teplyi, Igor"]
[Black "Nielsen, Lasse Simoni"]
[Result "1-0"]
[WhiteElo "2287"]
[BlackElo "1973"]
[PlyCount "63"]
[EventDate "2009.04.04"]
[EventType "swiss"]
[EventRounds "9"]
[EventCountry "DEN"]
[Source "ChessBase"]
[SourceDate "2009.05.05"]

1. e4 c5 2. Nf3 Nc6 3. Bb5 e6 4. O-O Nge7 5. c3 a6 6. Ba4 d5 7. exd5 Qxd5 8. d4
Ng6 9. Be3 b5 10. c4 bxc4 11. Nc3 Qd7 12. d5 exd5 13. Nxd5 Qb7 14. Qe2 Be6 15.
Nf4 Nxf4 16. Bxf4 O-O-O 17. Bg5 Nd4 18. Nxd4 Rxd4 19. Be3 Rd8 20. b3 Qe4 21.
Rfc1 Rd3 22. bxc4 Bxc4 23. Bc2 Rc3 24. Qd2 Rxc2 25. Rxc2 Bd3 26. Rb2 Bd6 27.
Rc1 c4 28. Qa5 Kd7 29. Rb6 Qe5 30. Qa4+ Ke7 31. g3 h5 32. Bf4 1-0

[Event "DEN-ch"]
[Site "Silkeborg"]
[Date "2009.04.10"]
[Round "7"]
[White "Teplyi, Igor"]
[Black "Akdag, Dara"]
[Result "1-0"]
[WhiteElo "2287"]
[BlackElo "2199"]
[PlyCount "89"]
[EventDate "2009.04.04"]
[EventType "swiss"]
[EventRounds "9"]
[EventCountry "DEN"]
[Source "ChessBase"]
[SourceDate "2009.05.05"]

1. e4 c5 2. Nf3 d6 3. d4 cxd4 4. Nxd4 Nf6 5. Nc3 g6 6. Be3 Bg7 7. h3 O-O 8. Qd2
Nc6 9. O-O-O d5 10. Nxc6 bxc6 11. Bc4 Qc7 12. Bb3 Rd8 13. Bh6 Bh8 14. f4 a5 15.
e5 Nd7 16. Nxd5 cxd5 17. Qxd5 e6 18. Qxa8 Bb7 19. Qa7 Rc8 20. Rxd7 Qxd7 21. Rd1
Qc7 22. Ba4 Ra8 23. Qf2 Bd5 24. Bb3 Bxb3 25. axb3 a4 26. Rd3 f6 27. Qf3 Rb8 28.
Rc3 Qb6 29. Qe3 Qb5 30. Qd3 Qb6 31. Qe3 Qb5 32. Rc4 fxe5 33. fxe5 axb3 34. cxb3
Qd5 35. Qe4 Qa5 36. Kc2 Qb6 37. Qe3 Qb7 38. Qf3 Qb6 39. Qc3 Qf2+ 40. Kb1 Qf5+
41. Ka2 Ra8+ 42. Ra4 Qe4 43. Qc8+ Rxc8 44. Rxe4 Rc5 45. Rc4 1-0